Procedimiento simplificado para calcular la presión estática y dinámica sobre muros
Zapisane w:
| 1. autor: | |
|---|---|
| Kolejni autorzy: | , |
| Format: | Książka |
| Język: | Spanish |
| Wydane: |
[San José, Costa Rica]
[2015?]
|
| Hasła przedmiotowe: | |
| Etykiety: |
Dodaj etykietę
Nie ma etykietki, Dołącz pierwszą etykiete!
|
MARC
| LEADER | 00000nam a22000007a 4500 | ||
|---|---|---|---|
| 003 | 000002-T | ||
| 005 | 20240716095934.0 | ||
| 008 | 190828b2015 c a|||| |||| 00| ||spa d | ||
| 040 | |c cru CEDI | ||
| 082 | |a 624.164 V393p | ||
| 100 | |a Vázquez Saldaña, Oscar Alonso. 1987- |9 1719 | ||
| 245 | |a Procedimiento simplificado para calcular la presión estática y dinámica sobre muros | ||
| 260 | |a [San José, Costa Rica] |c [2015?] | ||
| 300 | |a 22 hojas, ilustraciones | ||
| 500 | |a A la cabeza de la portada: XII Congreso Nacional de Geotecnia CONGEO 2015, 1 y 2 de Julio 2015 | ||
| 650 | |x MUROS DE CONTENCION |x EMPUJE DE TIERRAS |x SUELO TROPICAL |x MECANICA DE SUELOS |9 18186 | ||
| 700 | |a Picado Salvatierra, Juan Antonio, 1953 |9 1718 | ||
| 700 | |a Sáenz Aguilar, Sergio Antonio, 1957- |9 1720 | ||
| 942 | |c PON |h 624.164 V393p |k 000002-T |2 ddc |6 624_164000000000000_V393P | ||
| 999 | |c 21780 |d 21780 | ||
